Les 20 pays ayant la plus grande superficie - Statistiques

Statistiques générales
  • Ce quiz a été pris 626 fois
  • Le résultat moyen est 16 sur 20
Statistiques - réponses
Hint Superficie Réponse % Correct
1 17 098 246 km² Russie
100%
2 9 984 670 km² Canada
99%
3 9 833 517 km² Etats-Unis
99%
5 8 515 767 km² Brésil
98%
4 9 600 000 km² Chine
98%
6 7 692 024 km² Australie
94%
7 3 287 263 km² Inde
94%
8 2 780 400 km² Argentine
91%
10 2 381 741 km² Algérie
89%
14 1 964 375 km² Mexique
86%
19 1 564 116 km² Mongolie
81%
11 2 344 858 km² R.D.Congo
78%
9 2 724 902 km² Kazakhstan
75%
13 2 206 714 km² Arabie Saoudite
73%
15 1 910 931km² Indonésie
73%
18 1 628 750 km² Iran
65%
16 1 861 484 km² Soudan
53%
12 2 210 573 km² Danemark
51%
17 1 676 198 km² Libye
50%
20 1 285 216 km² Pérou
50%
Aucun quiz correspondant
Distribution des résultats
% des personnes avec chaque résultat
Percentile par nombre de réponses
Votre historique - résultats
Vous n’avez pas pris ce quiz